flagi niemożliwe do nie zgadnięcia - Statystyki

Ogólne statystyki
  • Ten quiz został rozwiązany 273 razy
  • Średni wynik to 6 z 6
Statystyki odpowiedzi
Obrazkowy Odpowiedź % Poprawnych
Polska
100%
Francja
99%
Niemcy
99%
Stany zjednoczone
99%
Ukraina
99%
Czechy
98%
Nie znaleziono quizów pasujących do podanych kryteriów
Rozkład punktacji
Procent ludzi z każdym wynikiem
Percentyl według liczby udzielonych odpowiedzi
Twoja historia wyników
Nie rozwiązałeś tego quizu